[Event "Ardennes-ch 0102"]
[Site "Ardennes"]
[Date "2001.??.??"]
[Round "?"]
[White "Guerpillon, Louis"]
[Black "Romain, Emeline"]
[Result "1/2-1/2"]
[WhiteElo "1760"]
[BlackElo "1820"]
[PlyCount "90"]
[EventDate "2001.??.??"]
[EventType "swiss"]
[EventRounds "9"]
[EventCountry "FRA"]
[SourceTitle "EXT 2008"]
[Source "ChessBase"]
[SourceDate "2007.11.25"]
[SourceVersion "1"]
[SourceVersionDate "2007.11.25"]
[SourceQuality "1"]

1. e4 d5 2. exd5 Qxd5 3. Nc3 Qd6 4. Bc4 a6 5. Nf3 b5 6. Be2 Bb7 7. d3 Nf6 8. a3 e6 9. Be3 Be7 10. h3 0-0 11. 0-0 Nbd7 12. d4 Rac8 13. b4 e5 14. dxe5 Nxe5 15. Nxe5 Qxe5 16. Qd4 Bd6 17. Qxe5 Bxe5 18. Bd2 Rfd8 19. Bd3 c5 20. Rad1 cxb4 21. axb4 Rxd3 22. cxd3 Bxc3 23. Bxc3 Rxc3 24. Rfe1 Rb3 25. Re7 Bd5 26. Ra7 Rxb4 27. Rxa6 g6 28. Rxf6 Rd4 29. Rb1 b4 30. Rb6 b3 31. R6xb3 Bxb3 32. Rxb3 Kg7 33. Kf1 Kf6 34. Ke2 Ra4 35. Ke3 Ke5 36. Rb5+ Kd6 37. g3 Ra3 38. Rb7 Ke6 39. Rb4 Ke5 40. h4 h6 41. Rb5+ Ke6 42. h5 Kf6 43. Rb6+ Kg5 44. hxg6 fxg6 45. Rb4 Kf5 1/2-1/2